| 000 | 00723nas a2200253Ia 4500 | ||
|---|---|---|---|
| 001 | R522/E1364 | ||
| 003 | IT-RoPAU | ||
| 008 | 151124c99999999xx |||||||||||| ||und|| | ||
| 040 | _aIT-RoPAU | ||
| 040 | _cIT-RoPAU | ||
| 041 | _aITALIANO | ||
| 100 |
_aAA.VV. _gCodice Aut. SPICS: 12000 |
||
| 210 | _aCOLORS | ||
| 222 | _aColors | ||
| 245 |
_aCOLORS, N.017 (1996) _bColors, N.017 (1996) |
||
| 250 | _a1a ed. | ||
| 260 |
_aTREVISO _bCOLORS _c1996 |
||
| 501 |
_bPaulus - SPICS - Società San Paolo EM (non-commercial uses only) _cCopyright2015 |
||
| 300 | _a98 p., prefazione [96] | ||
| 310 | _aTRIMESTRALE | ||
| 362 | _aN.017 (1996) | ||
| 650 |
_aPUBBLICITA' - MARKETING _vPUBBLICAZIONE PERIODICA |
||
| 942 | _cCR | ||
| 999 |
_c188618 _d188618 |
||